000 01093cam a22003257a 4500
003 CHAP
005 20220329135420.0
008 971013s1976 r 00010 d
010 _a36059
011 _a37031
035 _a41150
040 _cCHAP
082 _a631.0915
_bO7
110 _aOrganización Meteorológica Mundial
_983552
245 1 3 _aAn evaluation of climate and water resources for development of agriculture in the Sudano-Sahelian zone West Africa
260 _aGeneva :
_bOMM,
_c1976
300 _a289 p.
_b; gráfs.
490 0 _aWMO
_v; 459
590 _aBATCH-UPD
_b10
_c20130110
_lUCH01
_h1651
590 _aBATCH-UPD
_b10
_c20130410
_lUCH01
_h1040
590 _aBATCH-UPD
_b10
_c20130914
_lUCH01
_h0321
590 _aCONVERSION
_b10
_c20130109
_lUCH01
_h1320
650 1 4 _aAgricultura
_xRegiones áridas.
_91781
650 1 4 _aRecursos hidráulicos
_xRegiones áridas.
_995121
650 1 4 _aRegiones áridas
_xClima.
_995677
830 0 _aWMO
_v; 459
_9122394
901 _aBK
942 _cLIBRO
949 _a631.0915 O7
_bBC
_cLIBRO
_d33724000555785
_eLIBRO
_h56903
_i41150
_si
999 _c36059
_d36059